Everyone's business on money
| Main Author: | |
|---|---|
| Format: | Book |
| Published: |
Singapore :
EPB Publishers ,
1992
|
| Subjects: |
MARC
| LEADER | 00000cam a2200000 7i4500 | ||
|---|---|---|---|
| 001 | 0000004672 | ||
| 002 | 000005040 | ||
| 005 | 20030213.0 | ||
| 020 | |a 9971002620 | ||
| 090 | 0 | 0 | |a 650.1 |b ROG |
| 100 | 1 | |a Rogers, Lan | |
| 245 | 1 | 0 | |a Everyone's business on money |c Lan Rogers |
| 260 | |a Singapore : |b EPB Publishers , |c 1992 | ||
| 300 | |a 232p. ; |c 22cm. | ||
| 650 | 0 | 0 | |a Money |
| 650 | 0 | 0 | |a Success in business |
| 999 | |a 032694 |b BUKU |c PINJAMAN |e PERPUSTAKAAN KOMUNITI PETALING JAYA | ||